| 000 | 01072nac a22002411u 4500 | ||
|---|---|---|---|
| 008 | 100901t2005 nyu|||||r|||| 001 0 eng d | ||
| 010 | _a 2005272416 | ||
| 020 | _a0071436898 | ||
| 035 | _a(OCoLC)ocm57756209 | ||
| 082 | 0 | 0 |
_a621.815 _bBRO _222 |
| 100 |
_aBrown, Thomas H. _917775 |
||
| 245 | 1 | 0 |
_aMarks' Calculations for Machine Design / _cThomas H. Brown, Jr. |
| 246 | 3 | 0 | _aCalculations for machine design |
| 246 | 3 | 0 | _aMarks' standard calculations for mechanical engineers |
| 260 |
_aNew York : _bMcGraw-Hill, _cc2005. |
||
| 300 |
_axv, 445 p. : _bill. ; _c24 cm. |
||
| 504 | _aIncludes bibliographical references (p. 439) and index. | ||
| 650 | 0 |
_aMachine design _vHandbooks, manuals, etc. _917776 |
|
| 856 | 4 | 2 |
_3Contributor biographical information _uhttp://www.loc.gov/catdir/enhancements/fy0626/2005272416-b.html |
| 856 | 4 | 2 |
_3Publisher description _uhttp://www.loc.gov/catdir/enhancements/fy0626/2005272416-d.html |
| 856 | 4 | 2 |
_3Table of contents only _uhttp://www.loc.gov/catdir/enhancements/fy0626/2005272416-t.html |
| 942 |
_cBB _k621.815 BRO _2ddc |
||
| 999 |
_c1945 _d1945 |
||